=LDR 00000nam 2200000 4500 =001 INLIS000000000006779 =005 20200611075030 =035 ##$$a 0010-061300000006779 =008 200611################g##########0#ind## =041 ##$$a Ind =082 ##$$a 2x4 =090 ##$$a 2x2, Ran r =245 ##$$a Rangsangan dan ancaman, penerjemah /$c A. Hafez Anshari AZ =260 ##$$a Surabaya :$b Al-ikhlas,$c 1981 =300 ##$$a xv, 272 hlm ; $c 14,5 x 20 cm =650 #4$$a Hukum islam =850 ##$$a NBPNMAT =084 ##$$a 2x4 RAN =990 ##$$a DW00026600 =990 ##$$a DW00026601 =990 ##$$a DW00026601 =990 ##$$a 103.073/Pro- 96 =990 ##$$a DW00026601 =990 ##$$a DW00026601 =990 ##$$a 103.073/Pro- 96